Guess the 1960s song lyrics #12 - Statistics

General Stats
  • This quiz has been taken 29 times
  • The average score is 146 of 184
Answer Stats
Answer % Correct
I
100%
the
100%
do
96%
in
96%
of
96%
when
96%
be
93%
mornin
93%
on
93%
sit
93%
sun
93%
to
93%
what
93%
bay
89%
dock
89%
I'll
89%
just
89%
Just
89%
Sittin
89%
sittin
89%
time
89%
And
85%
my
85%
So
85%
then
85%
at
81%
away
81%
come
81%
evenin
81%
gonna
81%
me
81%
roll
81%
tide
81%
Wastin
81%
watch
81%
Watching
81%
for
78%
this
78%
home
74%
I'm
74%
left
74%
like
74%
ten
74%
can't
70%
again
67%
Georgia
67%
look
67%
Look
67%
em
63%
Frisco
63%
here
63%
ships
63%
way
63%
had
59%
nothing
59%
Now
59%
Ooh
59%
tell
59%
won't
59%
I've
56%
live
56%
make
56%
people
56%
yeah
56%
alone
52%
same
52%
two
52%
change
48%
leave
48%
miles
48%
nothing's
48%
remain
48%
yes
48%
bones
44%
Everything
44%
guess
44%
It's
44%
thousand
44%
Cause
41%
Headed
41%
loneliness
41%
resting
41%
roamed
41%
still
37%
remains
33%
nothin's
4%
No matching quizzes found
Score Distribution
Percent of People with Each Score
Percentile by Number Answered
Your Score History
You have not taken this quiz